| 000 | 00571nam a2200157 a 4500 | ||
|---|---|---|---|
| 008 | 120416s0000 ||||||||||||||||| || u | ||
| 020 | _a0821370807 | ||
| 050 | _aIBRD(08)TP | ||
| 100 | _aAhmad, Masood | ||
| 245 | 1 | 0 | _aIrrigation planning with environmental considerations |
| 246 | _aA case study of Pakistan's Indus basin | ||
| 260 |
_aWashington, D.C. _bWorld Bank _c1992 |
||
| 300 | _avii, 196p. : ill. | ||
| 350 | _a0.00 | ||
| 995 |
_D0.00 _FCBU-MAIN LIBRARY (Kitwe) _H1 _I0.00 _UAVAILABLE _ZInternational Publications |
||
| 999 |
_c48360 _d48360 |
||